[Event "XXIX Vicente Bonil"]
[Site "Albox ESP"]
[Date "2005.06.05"]
[Round "9"]
[White "Dreev,A"]
[Black "Milov,V"]
[Result "1/2-1/2"]
[WhiteElo "2705"]
[BlackElo "2653"]

1.d4 Nf6 2.c4 e6 3.Nf3 d5 4.Nc3 Bb4 5.cxd5 exd5 6.Bg5 Nbd7 7.Qc2 O-O 8.a3 Bxc3+
9.Qxc3 h6 10.Bh4 c5 11.Nd2 c4 12.e3 b5 13.a4 bxa4 14.Rxa4 a5 15.Be2 Bb7 16.O-O Bc6
17.Raa1 a4 18.f3 Qb6 19.Bg3 Rfe8 20.Bd1 Nf8 21.Bc2 Ne6 22.Rfe1 Re7 23.Kh1 Rb7
24.Ra2 Bd7 25.Rea1 Ne8 26.Qa3 N8c7 27.Nb1 Na6 28.Bd6 Be8 29.Bf5 Nec7 30.Nc3 Nb5
31.Nxb5 Qxb5 32.Qc3 Qc6 33.Ba3 Bd7 34.Bc2 Qb6 35.e4 Nc7 36.Bc5 Qe6 37.Re1 Qc6
38.exd5 Nxd5 39.Qxc4 Be6 40.Bxa4 Qc8 41.b3 Nb6 42.Qc2 Nxa4 43.Rxa4 Bxb3 44.Rxa8 Qxa8
45.Qe4 Rb8  1/2-1/2

[Event "6th EICC"]
[Site "Warsaw POL"]
[Date "2005.06.25"]
[Round "7"]
[White "Dreev,A"]
[Black "Gurevich,M"]
[Result "1-0"]
[WhiteElo "2705"]
[BlackElo "2630"]

1.d4 Nf6 2.c4 e6 3.Nf3 d5 4.Nc3 c6 5.e3 Nbd7 6.Bd3 dxc4 7.Bxc4 b5 8.Bd3 b4
9.Ne4 Nxe4 10.Bxe4 Bb7 11.O-O Bd6 12.Qc2 Rc8 13.Bd3 Nf6 14.Rd1 c5 15.Qa4+ Bc6
16.Bb5 Bxb5 17.Qxb5+ Qd7 18.Qxd7+ Kxd7 19.a3 b3 20.dxc5 Rxc5 21.Bd2 Ne4 22.Bb4 Rd5
23.Nd4 Be5 24.Nxb3 Bxb2 25.Rxd5+ exd5 26.Rd1 Nf6 27.Nc5+ Kc6 28.Nd3 a5 29.Nxb2 axb4
30.axb4 Rb8 31.Nd3 d4 32.Ne5+ Kd5 33.Nf3 Rxb4 34.Nxd4 Ke4 35.h3 Rb7 36.g4 h5
37.Nf5 Kf3 38.g5 Nh7 39.Kf1 g6 40.Nh4+ Ke4 41.Rd4+ Ke5 42.f4+ Ke6 43.Kf2 Nf8
44.Nf3 Ke7 45.Ne5 Rc7 46.Kf3 Ne6 47.Rb4 Kd6 48.Rb6+ Kd5 49.Nxf7  1-0

[Event "6th EICC"]
[Site "Warsaw POL"]
[Date "2005.06.26"]
[Round "8"]
[White "Dreev,A"]
[Black "Nisipeanu,LD"]
[Result "1/2-1/2"]
[WhiteElo "2705"]
[BlackElo "2670"]

1.d4 Nf6 2.c4 e6 3.Nc3 Bb4 4.Qc2 O-O 5.a3 Bxc3+ 6.Qxc3 d6 7.Nf3 Nbd7 8.e3 b6
9.Be2 Bb7 10.O-O Ne4 11.Qc2 f5 12.b4 Rf6 13.Bb2 Rh6 14.d5 e5 15.Bd3  1/2-1/2

[Event "6th EICC"]
[Site "Warsaw POL"]
[Date "2005.06.28"]
[Round "10"]
[White "Dreev,A"]
[Black "Tiviakov,S"]
[Result "1/2-1/2"]
[WhiteElo "2705"]
[BlackElo "2631"]

1.d4 Nf6 2.c4 e6 3.Nf3 b6 4.a3 Ba6 5.Qc2 Bb7 6.Nc3 c5 7.e4 cxd4 8.Nxd4 Nc6
9.Nxc6 Bxc6 10.Bf4 Bc5 11.Be2 O-O 12.Rd1 a5 13.O-O Qe7 14.Bg5 h6 15.Bh4 e5
16.Bf3 a4 17.Rfe1 d6 18.Rd3 Qe6 19.Nd5 Bxd5 20.cxd5 Qe7 21.Qd2 Rfb8 22.Bg4 Kf8
23.Bf5 g5 24.Bg3 Nh5 25.Kh1 Ng7 26.Bh7 Ke8 27.Rc1 Kd7 28.Rf3 Rh8 29.Bf5+ Ke8
30.Qe2 h5 31.Qb5+ Kd8 32.Bxe5 dxe5 33.Rxc5 bxc5 34.Qb6+ Qc7 35.Qf6+ Qe7 36.Qb6+ Qc7
37.Qf6+ Qe7 38.Qxg7 Rf8 39.Qh6 f6 40.h4 Kc7 41.hxg5 Rh8 42.d6+ Kxd6 43.Rd3+ Kc7
44.Qxf6 Qxf6 45.Rd7+ Kc6 46.gxf6 Rhf8 47.f4 Rxf6 48.fxe5 Rff8 49.Rd6+ Kc7
50.Rd5 Kb6 51.Bd7 Rf4 52.Bf5 Rf2 53.e6 Re8 54.Rd6+ Kc7 55.Ra6 Rxb2 56.Kh2 Rb3
57.Rxa4 Re7 58.Ra5  1/2-1/2

[Event "6th EICC"]
[Site "Warsaw POL"]
[Date "2005.06.30"]
[Round "12"]
[White "Jakovenko,D"]
[Black "Dreev,A"]
[Result "1/2-1/2"]
[WhiteElo "2608"]
[BlackElo "2705"]

1.e4 c6 2.d4 d5 3.Nc3 dxe4 4.Nxe4 Bf5 5.Ng3 Bg6 6.h4 h6 7.Nf3 Nd7 8.h5 Bh7
9.Bd3 Bxd3 10.Qxd3 e6 11.Bf4 Ngf6 12.O-O-O Be7 13.Kb1  1/2-1/2

[Event "6th EICC"]
[Site "Warsaw POL"]
[Date "2005.07.01"]
[Round "13"]
[White "Dreev,A"]
[Black "Radjabov,T"]
[Result "0-1"]
[WhiteElo "2705"]
[BlackElo "2673"]

1.d4 Nf6 2.c4 g6 3.Nc3 Bg7 4.e4 d6 5.f3 O-O 6.Nge2 c5 7.d5 e6 8.Ng3 exd5
9.cxd5 h5 10.Be2 a6 11.a4 Nh7 12.Be3 Nd7 13.O-O h4 14.Nh1 f5 15.Qd2 Qf6 16.exf5 gxf5
17.Nf2 f4 18.Ng4 Qg5 19.Bf2 Ne5 20.Ne4 Qe7 21.Nxe5 Bxe5 22.Rae1 Bf5 23.Bd3 b5
24.Re2 h3 25.g4 Bxe4 26.Bxe4 Ng5 27.Kh1 Qg7 28.b3 Rab8 29.a5 Rbc8 30.Bh4 c4
31.bxc4 Rxc4 32.Rfe1 Nxe4 33.Rxe4 Bc3 34.Qf2 Bxe1 35.Rxe1 Qh7 36.Bg5 Qd3
37.Bh6 Rc2 38.Qf1 Qd2 39.Qg1 Rfc8  0-1

[Event "15th ETC"]
[Site "Gothenburg SWE"]
[Date "2005.07.30"]
[Round "1"]
[White "Kozul,Z"]
[Black "Dreev,A"]
[Result "1/2-1/2"]
[WhiteElo "2585"]
[BlackElo "2698"]

1.d4 d5 2.c4 c6 3.Nc3 Nf6 4.e3 e6 5.Nf3 Nbd7 6.Bd3 dxc4 7.Bxc4 b5 8.Bd3 Bb7
9.a3 Bd6 10.Ng5 Be7 11.O-O a6 12.e4 e5 13.Ne2 c5 14.d5 c4 15.Bc2 Nxd5 16.Nxf7 Kxf7
17.exd5 Nf6 18.Nc3 Bxd5 19.Qe2 Bb7 20.Bg5 Qc7 21.Rad1 Rad8 22.Rxd8 Bxd8 23.Bxf6 Bxf6
24.Rd1 g6 25.Be4 Kg7 26.h4 Rd8 27.Rxd8 Bxd8 28.h5 Bxe4 29.Qxe4 gxh5 30.Qa8 Qb6
31.Ne4 Be7 32.Qe8 Qe6 33.Qxh5 Qg6 34.Qf3 Bf6 35.Qe3 Be7 36.f3 Kf7 37.Qa7 h5
38.Qc7 Ke6 39.a4 Kf7 40.axb5 axb5 41.Qxe5 Qb6+ 42.Kh1 h4 43.Qd5+ Kf8 44.f4 Qe3
45.Qf5+ Kg8 46.Qe5 Kf8 47.f5 Bg5 48.Qh8+ Kf7 49.Qh5+ Kf8 50.Qh8+ Kf7 51.Qh7+ Kf8
52.Qh8+ Kf7 53.Qh7+  1/2-1/2

[Event "15th ETC"]
[Site "Gothenburg SWE"]
[Date "2005.07.31"]
[Round "2"]
[White "Dreev,A"]
[Black "Mamedyarov,S"]
[Result "1/2-1/2"]
[WhiteElo "2698"]
[BlackElo "2646"]

1.d4 Nf6 2.c4 g6 3.Nc3 d5 4.cxd5 Nxd5 5.Bd2 Nb6 6.Bg5 Bg7 7.e3 O-O 8.Nf3 h6
9.Bh4 c5 10.dxc5 N6d7 11.Be2 Nc6 12.Nd4 Nxc5 13.Nxc6 bxc6 14.O-O g5 15.Bg3 Bf5
16.Bc4  1/2-1/2

[Event "15th ETC"]
[Site "Gothenburg SWE"]
[Date "2005.08.06"]
[Round "8"]
[White "Dreev,A"]
[Black "Sulskis,S"]
[Result "1-0"]
[WhiteElo "2698"]
[BlackElo "2535"]

1.d4 Nf6 2.c4 e6 3.Nc3 Bb4 4.Qc2 c5 5.dxc5 O-O 6.a3 Bxc5 7.Nf3 b6 8.Bg5 Bb7
9.e4 Be7 10.Be2 d6 11.O-O Nbd7 12.Rfd1 Qc7 13.b4 Rac8 14.Rac1 Rfe8 15.Qd3 Red8
16.Nd2 h6 17.Bf4 Ne5 18.Qg3 Ng6 19.Be3 Qb8 20.f3 d5 21.Qxb8 Rxb8 22.exd5 exd5
23.Nb5 dxc4 24.Nxc4 Nd5 25.Nxa7 Nxe3 26.Nxe3 Bg5 27.Kf2 Rxd1 28.Rxd1 Ra8
29.Nb5 Bc6 30.Nc2 Bxb5 31.Bxb5 Rc8 32.Ne3 Rc3 33.Rd3 Rc1 34.g3 Ra1 35.f4 Bf6
36.Kf3 Nf8 37.Nd5 Bd8 38.Bc4 Ne6 39.Ne3 Be7 40.h4 g6 41.Bxe6 fxe6 42.Nc4 b5
43.Ne5 g5 44.Nc6 Bf6 45.hxg5 hxg5 46.Na7 gxf4 47.gxf4 e5 48.fxe5 Bxe5 49.Ke4  1-0

[Event "49th TCh-ESP Honor 2"]
[Site "Sant Lluis ESP"]
[Date "2005.09.01"]
[Round "2"]
[White "Sasikiran,K"]
[Black "Dreev,A"]
[Result "1/2-1/2"]
[WhiteElo "2652"]
[BlackElo "2698"]

1.d4 d5 2.c4 c6 3.Nc3 Nf6 4.Nf3 e6 5.e3 Nbd7 6.Qc2 Bd6 7.g4 dxc4 8.Bxc4 e5
9.g5 Nd5 10.Ne4 Bb4+ 11.Bd2 Bxd2+ 12.Qxd2 Qe7 13.Bb3 O-O 14.O-O-O exd4 15.Qxd4 Re8
16.Ng3 Qc5+ 17.Kb1 Qxd4 18.Nxd4 N7b6 19.h4 Bg4 20.Rc1 a5 21.a3 a4 22.Ba2 Rad8
23.h5 Kf8 24.Rh4 Bc8 25.Ka1 Ne7 26.Nf3 Ned5 27.Ne4 h6 28.gxh6 gxh6 29.Nc5 Rd6
30.Nd4 Nf6 31.Nd3 Re4 32.Rhh1 Re8 33.Rh4 Re4 34.Rhh1 Re8 35.Rh2 Nbd7 36.Rh4 Re4
37.Rhh1 Re8 38.Rh4 Re4  1/2-1/2

[Event "49th TCh-ESP Honor 2"]
[Site "Sant Lluis ESP"]
[Date "2005.09.03"]
[Round "4"]
[White "Dreev,A"]
[Black "Vallejo Pons,F"]
[Result "1-0"]
[WhiteElo "2698"]
[BlackElo "2681"]

1.d4 e6 2.c4 c5 3.d5 exd5 4.cxd5 d6 5.Nc3 g6 6.e4 Bg7 7.Bd3 a6 8.Bf4 Nf6
9.h3 O-O 10.Nf3 b5 11.O-O Re8 12.Re1 Bb7 13.a3 Qb6 14.Qd2 Nbd7 15.b4 Rac8
16.Rac1 Nh5 17.Bh6 Bh8 18.Ne2 Nhf6 19.Ng3 c4 20.Bc2 Ne5 21.Nxe5 dxe5 22.Ne2 Nh5
23.a4 Bf6 24.Nc3 Be7 25.Rb1 Qf6 26.axb5 axb5 27.Be3 Ba6 28.g3 Red8 29.Rb2 Rb8
30.Kg2 Bc8 31.Bd1 Ng7 32.Bg4 Bxg4 33.hxg4 Ne6 34.Qd1 Bf8 35.Rh1 Rb7 36.Ne2 Ng5
37.Nc3 Ne6 38.Rb1 Ng5 39.Qe2 Ra8 40.d6 h6 41.Rbd1 Rd8 42.Nd5  1-0

[Event "It A"]
[Site "Stepanakert ARM"]
[Date "2005.10.04"]
[Round "3"]
[White "Bu Xiangzhi"]
[Black "Dreev,A"]
[Result "1-0"]
[WhiteElo "2637"]
[BlackElo "2694"]

1.d4 d5 2.c4 c6 3.Nc3 Nf6 4.e3 e6 5.b3 Bb4 6.Bd2 O-O 7.Nf3 Qe7 8.Bd3 Nbd7
9.O-O Re8 10.Re1 dxc4 11.Bxc4 e5 12.e4 b5 13.Bd3 Ng4 14.Ne2 exd4 15.Bxb4 Qxb4
16.Nexd4 Bb7 17.Qc2 Nge5 18.a3 Qd6 19.Bf1 Nxf3+ 20.Nxf3 a6 21.Red1 Qc7 22.a4 Rac8
23.Rac1 c5 24.axb5 Bxe4 25.Qc3 axb5 26.Bxb5 Red8 27.Ng5 Bc6 28.Bc4 Rf8 29.Qd3 Nf6
30.Qd6 Qxd6 31.Rxd6 Bb7 32.Rcd1 Rce8 33.f3 Bc8 34.Ra1 Re7 35.Ra8 Bd7 36.Ra7 Rfe8
37.Nxf7 Kf8 38.Ng5 Bf5 39.Rxe7 Kxe7 40.Ra6 Rd8 41.g4 Bc8 42.Rc6 h6 43.Nf7 Rd1+
44.Kf2 Bd7 45.Rxc5 Be6 46.Re5 Nd5 47.Nd8 Kxd8 48.Rxe6 Nf4 49.Ra6 Nh3+ 50.Kg3 Ng5
51.h4 Rg1+ 52.Kf4 Nh3+ 53.Ke4  1-0

[Event "It A"]
[Site "Stepanakert ARM"]
[Date "2005.10.08"]
[Round "6"]
[White "Asrian,K"]
[Black "Dreev,A"]
[Result "1/2-1/2"]
[WhiteElo "2645"]
[BlackElo "2694"]

1.e4 c5 2.Nf3 d6 3.d4 Nf6 4.Nc3 cxd4 5.Nxd4 Nc6 6.Bg5 Bd7 7.Qd2 Rc8 8.f4 Nxd4
9.Qxd4 Qa5 10.e5 dxe5 11.fxe5 e6 12.O-O-O Bc6 13.Nb5 Bxb5 14.exf6 Bc6 15.h4 g6
16.Bc4 Bc5 17.Qe5 Bb6 18.Qe2 O-O 19.Bh6 Bxg2 20.Bxf8 Bxh1 21.Bxe6 Rxf8 22.Bxf7+ Rxf7
23.Qe8+ Rf8 24.Qe6+ Rf7 25.Qe8+ Rf8 26.Qe6+ Rf7 27.Qe8+ Rf8  1/2-1/2

[Event "It A"]
[Site "Stepanakert ARM"]
[Date "2005.10.09"]
[Round "7"]
[White "Dreev,A"]
[Black "Anastasian,A"]
[Result "1-0"]
[WhiteElo "2694"]
[BlackElo "2596"]

1.d4 Nf6 2.c4 e6 3.Nc3 d5 4.cxd5 exd5 5.Bg5 Be7 6.e3 O-O 7.Bd3 Nbd7 8.Nf3 c6
9.Qc2 Re8 10.h3 Nf8 11.Bf4 Bd6 12.Bxd6 Qxd6 13.O-O-O Be6 14.Kb1 N8d7 15.Ng5 g6
16.f4 Bf5 17.Bxf5 gxf5 18.Qf2 Nb6 19.Nf3 Nc4 20.Ne5 Qe6 21.g4 Nd6 22.Rdg1 Kh8
23.Qh4 Rg8 24.Rg2 Rg7 25.Rhg1 Rag8 26.Ka1 Nfe4 27.Nxe4 Nxe4 28.a3 Qe8 29.Qh6 f6
30.Nf3 Qg6 31.Qh4 Qe8 32.Qe1 Qe6 33.g5 Qf7 34.h4 Qh5 35.Rf1 Re8 36.Qb4 h6
37.Nd2 Qf7 38.Rfg1 Nxd2 39.Qxd2 Reg8 40.Qe2 Qe8 41.Rg3 Kh7 42.R1g2 Qe6 43.Qh5 Rg6
44.Qd1 R6g7 45.Qg1 Qf7 46.Ka2 Qe8 47.Qd1 Qe6 48.Qa4 a6 49.Qd1 b6 50.Qh5 Rg6
51.Qe2 Qc8 52.h5 R6g7 53.g6+ Kh8 54.Qd3 Re8 55.Rc2 Rc7 56.Rc3 Kg7 57.Rg2 Rd8
58.Rb3 b5 59.Rc2 Qe6 60.Rbc3 Rd6 61.Rc5 Rd8 62.Qc3 Rd6 63.Qa5 Qc8 64.Qb6 Kf8
65.R2c3 Ke7 66.Rc1 Kd7 67.Rg1 Re6 68.g7 Qg8 69.Rg6 Rxe3 70.Rxf6 Re6 71.Rxd5+  1-0

[Event "World Team Ch"]
[Site "Beer Sheva ISR"]
[Date "2005.11.03"]
[Round "3"]
[White "Jobava,Ba"]
[Black "Dreev,A"]
[Result "1-0"]
[WhiteElo "2601"]
[BlackElo "2694"]

1.d4 d5 2.c4 c6 3.Nf3 Nf6 4.Nc3 e6 5.Bg5 Nbd7 6.cxd5 exd5 7.e3 Be7 8.Qc2 Nh5
9.Bxe7 Qxe7 10.O-O-O Nb6 11.h3 Nf6 12.Bd3 Be6 13.Kb1 O-O-O 14.Ka1 Kb8 15.Rb1 Ne8
16.Nd2 Nd6 17.Nb3 Qf6 18.Nc5 Bf5 19.Bxf5 Qxf5 20.Qe2 h5 21.a4 Nd7 22.b4 Nc4
23.Rhc1 Rhe8 24.Nd3 Rc8 25.Rb3 h4 26.Rcb1 Qg6 27.Nf4 Qf5 28.Rd1 Re7 29.Nd3 Qg6
30.Nf4 Qf5 31.Rbb1 Nf6 32.Nd3 Kc7 33.Nc5 b6 34.Nd3 a6 35.Ka2 Kd8 36.Kb3 Ke8
37.Nb2 b5 38.Ra1 Kf8 39.axb5 axb5 40.Nd3 Ne4 41.Ra6 Re6 42.Rda1 Kg8 43.R1a2 Rce8
44.Ra7 Nxc3 45.Kxc3 Nd6 46.Rc7 Rg6 47.Qf3 Ne4+ 48.Kb2 Qxf3 49.gxf3 Nxf2 50.Nxf2 Rg2
51.Kc1 Rxe3 52.Kd1 Rxf3 53.Ke1 Rb3 54.Rxc6 Rxb4 55.Rd2 Rb1+ 56.Ke2 Rgg1 57.Rc5 Rbe1+
58.Kd3 Rg3+ 59.Kc2 Rf3 60.Rxd5 Rf1 61.Ne4 f6 62.Rxb5 Re1 63.Rd3 Rc1+ 64.Kxc1 Rxd3
65.d5 Rxh3 66.d6 Rd3 67.Kc2 Rd4 68.Kc3 Rd1 69.Kc4 h3 70.Rd5 Rc1+ 71.Kb5 Rb1+
72.Kc6 h2 73.Nf2 Rc1+ 74.Rc5 Rd1 75.d7 Kf7 76.Nxd1 h1=Q+ 77.Rd5 Qh4 78.d8=Q  1-0

[Event "World Team Ch"]
[Site "Beer Sheva ISR"]
[Date "2005.11.07"]
[Round "6"]
[White "Dreev,A"]
[Black "Akopian,Vl"]
[Result "1/2-1/2"]
[WhiteElo "2694"]
[BlackElo "2707"]

1.d4 Nf6 2.c4 e6 3.Nf3 b6 4.Nc3 Bb7 5.Bg5 h6 6.Bh4 Be7 7.Qc2 c5 8.dxc5 bxc5
9.e3 O-O 10.Be2 d6 11.Rd1 Nbd7 12.O-O Qb6 13.Rd2 Rfd8 14.Rfd1 Nf8 15.h3 Rd7
16.Bg3 Rad8 17.Ne1 d5 18.cxd5 exd5 19.Nd3 Rc8 20.Bf3 Ne4 21.Bxe4 dxe4 22.Ne5 Rxd2
23.Rxd2 Qe6 24.Qa4 a6 25.Nc4 Bc6 26.Qxa6 Ra8 27.Qb6 Nd7 28.Qb3 Ra7 29.a4 h5
30.Nb5 Rb7 31.Na5 Qxb3 32.Nxb3 Bxb5 33.Na5 Rb6 34.axb5 Nf8 35.Nc6 Bf6 36.Be5  1/2-1/2

[Event "WCC"]
[Site "Khanty Mansyisk RUS"]
[Date "2005.11.30"]
[Round "2.1"]
[White "Dreev,A"]
[Black "Paragua,M"]
[Result "1/2-1/2"]
[WhiteElo "2694"]
[BlackElo "2596"]

1.d4 d5 2.c4 dxc4 3.e4 e5 4.Nf3 exd4 5.Bxc4 Bb4+ 6.Nbd2 Nc6 7.O-O Nf6 8.e5 Nd5
9.Nb3 Nb6 10.Bb5 Qd5 11.Nbxd4 Bd7 12.Bxc6 Bxc6 13.Nxc6 Qxc6 14.Bg5 h6 15.Rc1 Qd5
16.a3 hxg5 17.axb4 g4 18.Ng5 Qxd1 19.Rfxd1 Rh5 20.f4 gxf3 21.Nxf3 Rc8 22.b5 Nd7
23.Re1 Kf8 24.Re4 Rh6 25.Nd4 Rh5 26.Nf3 Rh6 27.Rd1 Ke8 28.Rg4 Rg6 29.e6 Rxe6
30.Rxg7 Rg6 31.Rh7 Nf6 32.Rh8+ Rg8 33.Rxg8+ Nxg8 34.Ra1 Ra8 35.Kf2 Nf6 36.Ke3 Ke7
37.h3 Ne8 38.Kf4 Nd6 39.Nd4 Kf6 40.Re1 a6 41.Ra1 Re8 42.bxa6 bxa6 43.Kf3 Rb8
44.Rxa6 Rxb2 45.g4 Rb4 46.Ke3 Rc4 47.Nf3 Rc3+ 48.Kf4 Rc4+ 49.Kg3 Kg7 50.Ra2 Ne4+
51.Kg2 c5 52.h4 Rc1 53.Re2 Nf6 54.Ne5 Nd5 55.Rd2 Nf4+ 56.Kg3 Ng6 57.Nxg6 Kxg6
58.Rd6+ Kg7 59.Rc6 c4 60.g5 c3 61.Kg4 c2 62.Kh5 Kf8 63.Rc7 Ke8 64.Kh6 Rh1
65.Rxc2 Rxh4+ 66.Kg7 Rf4 67.Re2+ Kd7 68.g6 fxg6  1/2-1/2

[Event "WCC"]
[Site "Khanty Mansyisk RUS"]
[Date "2005.12.01"]
[Round "2.2"]
[White "Paragua,M"]
[Black "Dreev,A"]
[Result "1/2-1/2"]
[WhiteElo "2596"]
[BlackElo "2694"]

1.d4 d5 2.c4 c6 3.Nc3 Nf6 4.Nf3 e6 5.e3 a6 6.a4 c5 7.cxd5 exd5 8.Be2 Nc6
9.O-O cxd4 10.Nxd4 Bc5 11.Bf3 Ne5 12.b3 O-O 13.Bb2 Qd6  1/2-1/2

[Event "WCC"]
[Site "Khanty Mansyisk RUS"]
[Date "2005.12.05"]
[Round "3.3"]
[White "Dreev,A"]
[Black "Harikrishna,P"]
[Result "1-0"]
[WhiteElo "2694"]
[BlackElo "2673"]

1.d4 d5 2.c4 c6 3.Nc3 Nf6 4.cxd5 cxd5 5.Bf4 a6 6.Nf3 Nc6 7.Rc1 Bf5 8.e3 e6
9.Qb3 Ra7 10.Be2 Be7 11.O-O O-O 12.Na4 Nd7 13.a3 Na5 14.Qa2 Nc4 15.Nc5 b5
16.b3 Ncb6 17.Ne5 Nxe5 18.Bxe5 Bd6 19.Bxd6 Qxd6 20.Qd2 Rb8 21.Qa5 Nc8 22.Rc3 Ne7
23.Rfc1 h6 24.Nd3 Bxd3 25.Bxd3 g6 26.Rc5 Qb6 27.Qd2 Kg7 28.h3 Rd7 29.a4 bxa4
30.bxa4 Rdb7 31.a5 Qd6 32.g3 Rb2 33.R1c2 Rb1+ 34.Kg2 Ra1 35.Rb2 Nf5 36.Qc3 Rd1
37.Bxf5 gxf5 38.Rb4 Rb1 39.Rxb1 Rxb1 40.Rc7 Rb5 41.Ra7 Qb8 42.Rxa6 Rb1 43.Qc5 Ra1
44.Rb6 Qa7 45.Rb5 Qxc5 46.dxc5 Kf6 47.g4 fxg4 48.hxg4 Ke5 49.Kg3 Ra3 50.Kh4 Ra2
51.f3 f6 52.Kg3 d4 53.exd4+ Kxd4 54.c6 Rc2 55.Rb6 Kd5 56.a6 Rxc6 57.a7 Rxb6
58.a8=Q+ Rc6 59.Qd8+ Rd6 60.Qxf6 e5 61.Qf7+ Kd4 62.Qg7 Kd5 63.Qh8 Rg6 64.Kh4 Rc6
65.Qa8  1-0

[Event "ch-RUS Superfinal"]
[Site "Moscow RUS"]
[Date "2005.12.21"]
[Round "3"]
[White "Rublevsky,S"]
[Black "Dreev,A"]
[Result "1-0"]
[WhiteElo "2652"]
[BlackElo "2694"]

1.e4 c5 2.Nf3 Nc6 3.Bb5 d6 4.Bxc6+ bxc6 5.O-O Bg4 6.h3 Bh5 7.e5 dxe5 8.g4 e4
9.gxh5 exf3 10.Nc3 Rc8 11.Qxf3 e6 12.d3 Qf6 13.Qg3 Qf5 14.Re1 Qxh5 15.Re5 Qg6
16.Rg5 Qf6 17.Ne4 Qd8 18.Rxg7 Nf6 19.Nxf6+ Qxf6 20.Rg4 Be7 21.Bf4 Qf5 22.Re1 Bf6
23.Be5 h5 24.Bxf6 Qxf6 25.Ra4 Qe7 26.Qg7 Rf8 27.Re5 h4 28.Rh5 Rd8 29.Rhxh4 Rd5
30.Kf1 Rg5 31.Qh7 Rfg8 32.Rhg4 Rxg4 33.hxg4 Qg5 34.Ke2 Kf8 35.Qh5 Qe7 36.Qe5 Rg5
37.Qh8+ Rg8 38.Qe5 Rg5 39.Qb8+ Kg7 40.Rxa7 Qf6 41.Ra8  1-0

[Event "ch-RUS Superfinal"]
[Site "Moscow RUS"]
[Date "2005.12.26"]
[Round "7"]
[White "Zvjaginsev,V"]
[Black "Dreev,A"]
[Result "1/2-1/2"]
[WhiteElo "2659"]
[BlackElo "2694"]

1.e4 c5 2.Na3 e6 3.c3 d5 4.e5 Nc6 5.Nf3 Bd7 6.g3 a6 7.Nc2 Rc8 8.Bg2 Qc7 9.Qe2 c4
10.O-O Bc5 11.Nce1 Na5 12.d4 cxd3 13.Nxd3 Bb6 14.Nd4 Ne7 15.Bg5 Ng6 16.h4 h6
17.Bc1 Ne7 18.Rd1 Bxd4 19.cxd4 Nf5 20.Ne1 Bb5 21.Qg4 Nc6 22.Rd2 Qa5 23.Nc2 Nb4
24.Nxb4 Qxb4 25.Qd1 O-O 26.b3 Qa5 27.a4 Bd7 28.Ba3 Rfe8 29.Bc5 Qd8 30.a5 Bb5
31.b4 f6 32.Qe1 Qd7 33.Bh3 Qf7 34.Ra3 h5 35.Rf3 Qg6 36.Qb1 fxe5 37.Bxf5 exf5
38.Qxf5 Qxf5 39.Rxf5 exd4 40.Rxd4 g6 41.Rg5 Re6 42.g4 hxg4 43.Rdxg4 Kh7 44.h5 Be8
45.hxg6+ Rxg6 46.Rh5+ Kg8 47.Rxg6+ Bxg6 48.Rxd5 Be4 49.Re5 Bc6 50.f4 Re8
51.Rg5+ Kf7 52.Kf2 Re4 53.Rf5+ Kg6 54.Rg5+ Kf7 55.Rf5+  1/2-1/2

[Event "ch-RUS Superfinal"]
[Site "Moscow RUS"]
[Date "2005.12.29"]
[Round "10"]
[White "Kramnik,V"]
[Black "Dreev,A"]
[Result "1/2-1/2"]
[WhiteElo "2739"]
[BlackElo "2694"]

1.d4 d5 2.c4 c6 3.Nf3 Nf6 4.Nc3 e6 5.e3 a6 6.c5 b6 7.cxb6 Nbd7 8.Bd3 c5 9.O-O Qxb6
10.b3 cxd4 11.exd4 Bd6 12.Bb2 O-O 13.Qe2 Bb7 14.Na4 Qa7 15.Ne5 Rac8 16.Kh1 Be7
17.Rae1 Bb4 18.Rd1 a5 19.a3 Be7 20.Rde1 Qb8 21.Bb5 Rc7 22.Nxd7  1/2-1/2

[Event "Aeroflot Open"]
[Site "Moscow RUS"]
[Date "2006.02.08"]
[Round "1"]
[White "Popov,Val"]
[Black "Dreev,A"]
[Result "1-0"]
[WhiteElo "2592"]
[BlackElo "2697"]

1.e4 c6 2.d4 d5 3.e5 Bf5 4.Nf3 e6 5.Be2 Nd7 6.O-O Bg6 7.c3 a6 8.Nbd2 Nh6
9.g3 Nf5 10.Ne1 c5 11.Ndf3 Qb6 12.h3 Ne7 13.a3 Nc6 14.b4 cxd4 15.cxd4 Be7
16.Be3 O-O 17.Nd3 Be4 18.Nf4 Bxf3 19.Bxf3 a5 20.Bg4 Rfd8 21.Bxe6 fxe6 22.Nxe6 Re8
23.bxa5 Nxa5 24.Qg4 Bf8 25.Nxg7 Bxg7 26.Qxd7 Qe6 27.Qxe6+ Rxe6 28.Rfb1 Nc4
29.Bc1 b6 30.f4 Bf8 31.f5 Rc6 32.a4 Rc7 33.Rb5 Rca7 34.Rxd5 Rxa4 35.Rxa4 Rxa4
36.Bf4 Na5 37.e6 Nc6 38.f6 Rxd4 39.Rg5+ Kh8 40.e7 Rd1+ 41.Kg2  1-0

[Event "Aeroflot Open"]
[Site "Moscow RUS"]
[Date "2006.02.11"]
[Round "4"]
[White "Dreev,A"]
[Black "Tomashevsky,E"]
[Result "1/2-1/2"]
[WhiteElo "2697"]
[BlackElo "2586"]

1.d4 Nf6 2.c4 e6 3.Nf3 b6 4.e3 Bb7 5.Bd3 d5 6.b3 Nbd7 7.O-O Bd6 8.Nc3 O-O
9.Bb2 a6 10.Qe2 Ne4 11.a3 f5 12.b4 dxc4 13.Bxc4 Qf6 14.Rac1 Qg6 15.Nxe4 Bxe4
16.Ne1 b5 17.Bb3 Rae8 18.a4 Nf6 19.f3 Bd5 20.Bxd5 Nxd5 21.Nd3 bxa4 22.Ra1 Nxb4  1/2-1/2

[Event "Aeroflot Open"]
[Site "Moscow RUS"]
[Date "2006.02.12"]
[Round "5"]
[White "Shariyazdanov,A"]
[Black "Dreev,A"]
[Result "0-1"]
[WhiteElo "2583"]
[BlackElo "2697"]

1.d4 d5 2.c4 c6 3.Nc3 Nf6 4.e3 e6 5.Nf3 Nbd7 6.Qc2 Bd6 7.g4 dxc4 8.Bxc4 e5
9.g5 Nd5 10.Bd2 O-O 11.O-O-O exd4 12.Nxd4 Nb4 13.Qb1 Ne5 14.Be2 c5 15.Nf5 c4
16.Nxd6 Ned3+ 17.Bxd3 Nxd3+ 18.Kc2 Qxd6 19.Be1 Bg4 20.Rd2 Bf3  0-1

[Event "Aeroflot Open"]
[Site "Moscow RUS"]
[Date "2006.02.13"]
[Round "6"]
[White "Dreev,A"]
[Black "Kuzubov,Y"]
[Result "1/2-1/2"]
[WhiteElo "2697"]
[BlackElo "2544"]

1.d4 Nf6 2.c4 e6 3.Nf3 Bb4+ 4.Bd2 Qe7 5.g3 b6 6.Bg2 Bb7 7.O-O Bxd2 8.Qxd2 O-O
9.Nc3 d6 10.d5 e5 11.e4 Nbd7 12.Ne1 a5 13.Nc2 Nc5 14.Ne3 g6 15.b3 Bc8 16.Rae1 Bd7
17.f4 Kg7 18.f5 h6 19.Qd1 Qe8 20.Qe2 Rb8 21.Nb5 Ncxe4 22.fxg6 fxg6 23.Nxc7 Qe7  1/2-1/2

[Event "Aeroflot Open"]
[Site "Moscow RUS"]
[Date "2006.02.16"]
[Round "9"]
[White "Galkin,A"]
[Black "Dreev,A"]
[Result "1/2-1/2"]
[WhiteElo "2616"]
[BlackElo "2697"]

1.e4 c5 2.Nf3 d6 3.d4 Nf6 4.Nc3 cxd4 5.Nxd4 Nc6 6.Bg5 Bd7 7.Qd2 Rc8 8.O-O-O Nxd4
9.Qxd4 Qa5 10.Bd2 a6 11.Kb1 Qc5 12.Qxc5 Rxc5 13.f3 g6 14.Be3 Rc6 15.Nd5 Bg7
16.Nxf6+ Bxf6 17.h4 h5 18.g3 b5 19.Bh3 Bxh3 20.Rxh3 Be5 21.f4 Bg7 22.Bd4 e5
23.Bc3 O-O 24.a3 exf4 25.Bxg7 Kxg7 26.gxf4 Re8 27.Re3 Rc4 28.Rde1 d5 29.exd5 Rxe3
30.Rxe3 Rxf4 31.c3 Rf5 32.Rd3 Kf8 33.b3 Ke7 34.c4 bxc4 35.bxc4 Rf4 36.c5 Rxh4
37.d6+ Kd8 38.Rb3 Rc4 39.Rb8+ Kd7 40.Rb7+ Kd8 41.Rb8+ Kd7 42.Rb7+  1/2-1/2

[Event "7th Karpov"]
[Site "Poikovsky RUS"]
[Date "2006.03.18"]
[Round "1"]
[White "Dreev,A"]
[Black "Zvjaginsev,V"]
[Result "1/2-1/2"]
[WhiteElo "2697"]
[BlackElo "2664"]

1.d4 Nf6 2.c4 e6 3.Nf3 d5 4.Nc3 Bb4 5.Bg5 Nbd7 6.cxd5 exd5 7.Qc2 c5 8.dxc5 h6
9.Bd2 Bxc5 10.e3 O-O 11.Bd3 a6 12.O-O Bd6 13.e4 dxe4 14.Nxe4 Nxe4 15.Bxe4 Nf6
16.Bf5 Bxf5 17.Qxf5 Qc8 18.Qd3  1/2-1/2

[Event "7th Karpov"]
[Site "Poikovsky RUS"]
[Date "2006.03.19"]
[Round "2"]
[White "Najer,E"]
[Black "Dreev,A"]
[Result "1/2-1/2"]
[WhiteElo "2652"]
[BlackElo "2697"]

1.e4 c6 2.d4 d5 3.e5 Bf5 4.Nc3 e6 5.g4 Bg6 6.Nge2 c5 7.h4 h5 8.Nf4 Bh7 9.Nxh5 cxd4
10.Nb5 Nc6 11.Nxd4 Nge7 12.c3 a6 13.Bf4 Qb6 14.Qb3 Qxb3 15.axb3 Nxd4 16.cxd4 Nc6
17.Bb5 Rc8 18.Bxc6+ Rxc6 19.Rc1 Bg6 20.Rxc6 bxc6 21.Ke2 Bxh5 22.gxh5 Rxh5
23.Ra1 Rxh4 24.Be3 f6 25.Rxa6 fxe5 26.dxe5 d4 27.Bd2 Rh3 28.f3 Rh2+ 29.Kd3 Rh3
30.Ke2 Rh2+ 31.Kd3 Rh3 32.Rxc6 Rxf3+ 33.Kxd4 Rxb3 34.Rxe6+ Kf7 35.Rc6 Rxb2
36.e6+ Kg8 37.Bc3 Rb8 38.Rc7 Kh7 39.e7 Bxe7 40.Rxe7 Rb1 41.Ke4 Rg1 42.Kf3 Rg5
43.Bd4 Rg6 44.Re2 Rd6 45.Be5 Rg6 46.Kf4 Re6 47.Kf5 Re7 48.Rc2 Kg8 49.Rc8+ Kh7
50.Rf8 Rb7 51.Ke6 Rb6+ 52.Kf5 Rb7 53.Ke4  1/2-1/2

[Event "7th Karpov"]
[Site "Poikovsky RUS"]
[Date "2006.03.21"]
[Round "4"]
[White "Sokolov,Iv"]
[Black "Dreev,A"]
[Result "1/2-1/2"]
[WhiteElo "2689"]
[BlackElo "2697"]

1.d4 d5 2.c4 c6 3.Nc3 Nf6 4.Nf3 e6 5.e3 Nbd7 6.Bd3 dxc4 7.Bxc4 b5 8.Bd3 b4
9.Ne4 Nxe4 10.Bxe4 Bb7 11.Qa4 Qb6 12.O-O Be7 13.Nd2 a5 14.Nc4 Qa6 15.Bd3 Qa7
16.Qc2 c5 17.a3 a4 18.axb4 cxb4 19.Bd2 h6 20.Ne5 Nxe5 21.Bb5+ Nd7 22.Rxa4 Qb8
23.Rxa8 Bxa8 24.Qa4 Bd6 25.Bxd7+ Ke7 26.Bb5 Bxh2+ 27.Kh1 Bd6 28.Bxb4 Rc8
29.Bxd6+ Qxd6 30.Qa3 Qxa3 31.bxa3 Rc2 32.Kg1 Ra2 33.a4 Bd5 34.Rc1 Kd8 35.Rc3 g5
36.Bc4 Bxc4 37.Rxc4 f5 38.d5 exd5 39.Rd4 Ke7 40.Rxd5 Kf6 41.a5 Ra1+ 42.Kh2 Ra2
43.f3 Ra3 44.e4 fxe4 45.fxe4 Ra4 46.Rd6+ Kg7 47.a6  1/2-1/2

[Event "7th Karpov"]
[Site "Poikovsky RUS"]
[Date "2006.03.24"]
[Round "6"]
[White "Dreev,A"]
[Black "Bareev,E"]
[Result "1-0"]
[WhiteElo "2697"]
[BlackElo "2698"]

1.d4 Nf6 2.c4 e6 3.Nf3 b6 4.a3 c5 5.d5 Ba6 6.Qb3 exd5 7.cxd5 g6 8.Bf4 d6
9.Nc3 Bg7 10.Qa4+ b5 11.Nxb5 O-O 12.Nc3 Qb6 13.Rb1 Nbd7 14.e4 Bxf1 15.Kxf1 c4
16.Qb4 Qd8 17.g3 Nc5 18.Kg2 Nd3 19.Qxd6 Nh5 20.Qxd8 Ndxf4+ 21.gxf4 Nxf4+
22.Kg3 Nh5+ 23.Kg4 Raxd8 24.e5 f5+ 25.Kh4 Rfe8 26.Rhd1 Nf4 27.b3 Rxe5 28.bxc4 Ree8
29.Nd4 Rc8 30.Rb4 Be5 31.Ncb5 Ng2+ 32.Kh3 Nf4+ 33.Kh4 a6 34.Na7 Ng2+ 35.Kh3 Nf4+
36.Kh4 Rc7 37.Ndc6 Ng2+ 38.Kh3 Nf4+ 39.Kh4 Bd6 40.c5  1-0